[Event "Anapa Sea Harbor Cup Blitz"]
[Site "Anapa"]
[Date "2021.06.13"]
[Round "8"]
[White "Iljiushenok, Ilia"]
[Black "Khusnulgatin, Artem"]
[Result "1-0"]
[WhiteElo "2530"]
[BlackElo "1777"]
[PlyCount "77"]
[EventDate "2021.06.13"]
[EventType "swiss (blitz)"]
[EventRounds "13"]
[EventCountry "RUS"]
[SourceTitle "CBM 202 Extra"]
[Source "ChessBase"]
[SourceDate "2021.07.31"]
[SourceVersion "1"]
[SourceVersionDate "2021.07.31"]
[SourceQuality "1"]

1. d4 d5 2. Bf4 Nf6 3. e3 g6 4. Nf3 Bg7 5. Be2 0-0 6. 0-0 b6 7. a4 a6 8. c3 Bb7 9. Nbd2 Nbd7 10. h3 Ne4 11. Re1 Ndf6 12. Be5 Nxd2 13. Nxd2 Ne4 14. Bxg7 Kxg7 15. Nf3 c5 16. Bd3 Nd6 17. Qe2 a5 18. Ne5 f6 19. Nf3 Re8 20. Bb5 Nxb5 21. axb5 Qc7 22. dxc5 Qxc5 23. Red1 Red8 24. Nd4 Rd6 25. Ra4 e5 26. Nb3 Qc7 27. Nd2 Rad8 28. h4 R8d7 29. h5 Qc5 30. Rh4 g5 31. h6+ Kg8 32. Ra4 d4 33. cxd4 exd4 34. exd4 Qc8 35. Nc4 Rxd4 36. Qe6+ Kf8 37. Rxd4 Rxd4 38. Qxf6+ Kg8 39. Qg7# 1-0